01494 2200661 4500001002100000005001500021035002000036007000300056008004100059020002200100082000800122084001400130100001400144245006200158260003400220300004500254650001300299990001300312990001300325990001300338990001300351990001300364990001300377990001300390990001300403990001300416990001300429990001300442990001300455990001300468990001300481990001300494990001300507990001300520990001300533990001300546990001300559990001300572990001300585990001300598990001300611990001300624990001300637990001300650990001300663990001300676990001300689990001300702990001300715990001300728990001300741990001300754990001300767990001300780990001300793990001300806990001300819INLIS00000000000151820240909090243 a0010-0924000003ta240909 0 ind  a978-623-199-620-6 a910 a910 SUG i0 aSugiyanto1 aIps Geografi [X] :bUntuk Kelas X SMA dan MA /cSugiyanto aSolo :bTiga Serangkai,c2024 axviii, 174hlm :bIlus ;c20 cm x 25.5 cm 4aGeografi a09730973 a09730973 a09730973 a09730973 a09730973 a09730973 a09730973 a09730973 a09730973 a09730973 a09730973 a09730973 a09730973 a09730973 a09730973 a09730973 a09730973 a09730973 a09730973 a09730973 a09730973 a09730973 a09730973 a09730973 a09730973 a09730973 a09730973 a09730973 a09730973 a09730973 a09730973 a09730973 a09730973 a09730973 a09730973 a09730973 a09730973 a09730973 a09730973 a09730973